000 00326nam a2200133 a 4500
008 120416s2002 ||||||||||||||||| || u
020 _a0072470321
050 _aHF 5548.4.M523 Haa
100 _aHaag, Stephen
245 1 0 _aMicrosoft excel 2002
260 _aBoston
_bMcGraw-Hill
_c2002
300 _axx, : ill.
942 _2lcc
999 _c85003
_d85003